Every Song by Escape the Fate - Statistics

General Stats
  • This quiz has been taken 24 times
    3 since last reset
  • The average score is 28 of 112
Answer Stats
Album Song % Correct
Dying is Your Latest Fashion(2006) My Apocalypse
100%
Dying is Your Latest Fashion(2006) Not Good Enough for Truth in Cliché
100%
Dying is Your Latest Fashion(2006) Situations
100%
Dying is Your Latest Fashion(2006) The Guillotine
100%
Dying is Your Latest Fashion(2006) There's No Sympathy for the Dead
100%
Dying is Your Latest Fashion(2006) The Webs We Weave
100%
This War is Ours(2008) This War is Ours (The Guillotine II)
100%
This War is Ours(2008) 10 Miles Wide
67%
This War is Ours(2008) Ashley
67%
This War is Ours(Bonus)(2008) Bad Blood
67%
Dying is Your Latest Fashion(2006) Cellar Door
67%
Chemical Warfare(2021) Chemical Warfare
67%
Dying is Your Latest Fashion(2006) Friends and Alibis
67%
Escape the Fate(2010) Gorgeous Nightmare
67%
Hate Me(2015) Hate Me
67%
I Am Human(2018) I Am Human
67%
Escape the Fate(2010) Issues
67%
This War is Ours(2008) It's Just Me
67%
Dying is Your Latest Fashion(Bonus)(2006) Makeup (Look Your Best)
67%
Escape the Fate(2010) Massacre
67%
Ungrateful(2013) One for the Money
67%
Escape the Fate(2010) Prepare Your Weapon
67%
Dying is Your Latest Fashion(2006) Reverse This Curse
67%
This War is Ours(2008) Something
67%
Escape the Fate(2010) The Aftermath (The Guillotine III)
67%
Dying is Your Latest Fashion(2006) The Day I Left the Womb
67%
This War is Ours(2008) The Flood
67%
There's No Sympathy for the Dead(2006) The Ransom
67%
Ungrateful(2013) Ungrateful
67%
This War is Ours(2008) We Won't Back Down
67%
Dying is Your Latest Fashion(2006) When I Go Out, I Want to Go Out on a Chariot of Fire
67%
Escape the Fate(2010) Zombie Dance
67%
There's No Sympathy for the Dead(2006) As You're Falling Down
33%
This War is Ours(Bonus)(2008) Behind the Mask
33%
Escape the Fate(2010) Choose Your Fate
33%
Escape the Fate(2010) City of Sin
33%
Escape the Fate(2010) Day of Wreckoning
33%
Non-Album(2026) Déjà Vu
33%
There's No Sympathy for the Dead(2006) Dragging Dead Bodies in Blue Bags Up Really Long Hills
33%
This War is Ours(2008) Harder Than You Know
33%
This War is Ours(2008) Let It Go
33%
Escape the Fate(Bonus)(2010) Liars and Monsters
33%
Escape the Fate(2010) Lost in Darkness
33%
This War is Ours(2008) On to the Next One
33%
Escape the Fate(2010) World Around Me
33%
This War is Ours(2008) You Are So Beautiful
33%
Hate Me(2015) Alive
0%
Ungrateful(Bonus)(2013) Apologize
0%
Chemical Warfare(Bonus)(2021) Around the Sun
0%
Chemical Warfare(2021) Ashes (Broken World)
0%
I Am Human(2018) Beautifully Tragic
0%
I Am Human(2018) Bleed for Me
0%
Hate Me(2015) Breaking Me Down
0%
I Am Human(2018) Broken Heart
0%
Chemical Warfare(2021) Burn the Bridges
0%
Out of the Shadows(2023) Cheers to Goodbye
0%
Ungrateful(2013) Chemical Love
0%
Out of the Shadows(2023) Choke
0%
I Am Human(Bonus)(2018) Dead to Me
0%
Chemical Warfare(2021) Demons
0%
Ungrateful(2013) Desire
0%
I Am Human(2018) Digging My Own Grave
0%
I Am Human(2018) Do You Love Me?
0%
I Am Human(2018) Empire
0%
Hate Me(Bonus)(2015) End of the World
0%
Chemical Warfare(2021) Erase You
0%
Ungrateful(Bonus)(2013) Father, Brother
0%
Ungrateful(2013) Fire It Up
0%
Ungrateful(2013) Forget About Me
0%
Out of the Shadows(2023) Forgive Me
0%
I Am Human(2018) Four Letter Word
0%
Out of the Shadows(2023) F U N in Funeral
0%
Hate Me(2015) Get Up, Get Out
0%
Out of the Shadows(2023) H8 MY SELF
0%
Chemical Warfare(2021) Hand Grenade
0%
Out of the Shadows(2023) Hypnotized
0%
Ungrateful(Bonus)(2013) I, Alone
0%
I Am Human(2018) If Only
0%
Chemical Warfare(2021) Invincible
0%
Out of the Shadows(2023) Irreversible
0%
I Am Human(2018) I Will Make It Up to You
0%
Hate Me(2015) I Won't Break
0%
Hate Me(2015) Just a Memory
0%
Out of the Shadows(2023) Kings of Nothing
0%
Hate Me(2015) Les Enfants Terribles
0%
Hate Me(2015) | I Am Human(2018) Let Me Be
0%
Chemical Warfare(2021) Lightning Strike
0%
Out of the Shadows(2023) Lips Like Knives
0%
Ungrateful(2013) Live Fast, Die Beautiful
0%
Hate Me(2015) Live for Today
0%
Ungrateful(Bonus)(2013) Losing Control
0%
Out of the Shadows(2023) LOW
0%
I Am Human(Bonus)(2018) Mask
0%
Chemical Warfare(2021) My Gravity
0%
Chemical Warfare(2021) Not My Problem
0%
Chemical Warfare(Bonus)(2021) Over It
0%
Ungrateful(2013) Picture Perfect
0%
Out of the Shadows(2023) Rather Be Dead
0%
I Am Human(2018) Recipe for Disaster
0%
Hate Me(Bonus)(2015) Redline
0%
Hate Me(2015) Remember Every Scar
0%
I Am Human(2018) Resistance
0%
I Am Human(2018) Riot
0%
Ungrateful(2013) Risk It All
0%
Chemical Warfare(Bonus)(2021) Shut Up and Listen
0%
Escape the Fate(Bonus)(2010) The Final Blow
0%
Out of the Shadows(2023) Traumatized
0%
Chemical Warfare(2021) Unbreakable
0%
Ungrateful(2013) Until We Die
0%
Chemical Warfare(2021) Walk On
0%
Ungrateful(2013) You're Insane
0%
No matching quizzes found
Score Distribution
Percent of People with Each Score
Percentile by Number Answered
Your Score History
You have not taken this quiz since the last reset